Scotch reviewers ; the Edinburgh review, 1802-1815.

Bibliographic Details
Main Author: Clive, John Leonard, 1924-
Format: Book
Language:English
Published: Cambridge : Harvard University Press, 1957.
Subjects:

MARC

Tag First Indicator Second Indicator Subfields
LEADER 00000cam a2200000 4500
001 in00000039065
005 20151007081459.0
008 720223s1957 eng u
010 |a a 57005752  
035 |a (OCoLC)00248474 
035 |9 AAF6448AM 
040 |c WBU  |d OCL  |d TXA  |d UtOrBLW 
049 |a TXAM  |c [283598] 
090 |a AC5  |b .E23 
092 |a 052  |b C642s 
100 1 |a Clive, John Leonard,  |d 1924- 
245 1 0 |a Scotch reviewers ;  |b the Edinburgh review, 1802-1815. 
264 1 |a Cambridge :  |b Harvard University Press,  |c 1957. 
300 |a 224 pages ;  |c 23 cm. 
336 |a text  |b txt  |2 rdacontent 
337 |a unmediated  |b n  |2 rdamedia 
338 |a volume  |b nc  |2 rdacarrier 
500 |a Based on the author's thesis The Edinburgh review (1802-1815) and its background, Harvard, 1952. 
504 |a Bibliography: pages 198-210. 
630 0 0 |a Edinburgh review (1802) 
999 |a MARS 
999 f f |s 62a98586-90e4-3668-87b7-a10f954782c1  |i 431577c8-289d-36e8-a728-332bc7f643cd  |t 0 
952 f f |p normal  |a Texas A&M University  |b College Station  |c Sterling C. Evans Library  |d Evans: Library Stacks  |t 0  |e AC5 .E23  |h Library of Congress classification  |i unmediated -- volume  |m A14800499159 
998 f f |a AC5 .E23  |t 0  |l Evans: Library Stacks